000 00695nam a2200241Ia 4500
003 OSt
005 20220930200605.0
006 a|||||r|||| 00| 0
007 ta
008 220926b |||||||| |||| 00| 0 hin d
024 _a53879
037 _cDissertations
040 _aCRL
_cCRL
_bhin
041 _2hin
_ahin
100 _aMaurya Ganga Ram
_9565053
110 _aUniversity of Delhi. Faculty of Arts. Department of Hindi
245 0 _aAndhere bund kamre
_b Kathya aur shilp
260 _c1978
650 _aHINDI LITERATURE
_923866
700 _aUniversity of Delhi. Faculty of Arts. Department of Hindi
942 _cDIS
_2CC
999 _c900769
_d900769